000 00532nam a2200181Ia 4500
003 STCL
008 181203s9999 xx 000 0 und d
020 _a9788131522691
040 _aSTCL
_bEN
_cSTCL
082 _222
100 _aSkoog, Douglas A.; West, Donald M.; Holler, F. James; Crouch, Stanley R.
245 0 _aFundamentals of Analytical Chemistry
246 _aSkoog and West's Fundamentals of Analytical Chemistry
260 _bCengage Learning
_aDelhi
_c2014
300 _a1049
546 _aEnglish
942 _2ddc
_cBK
999 _c83073
_d83073